Top 10 Fulham Premier League Scorers - Statistics

General Stats
  • This quiz has been taken 141 times
    43 since last reset
  • The average score is 5 of 10
Answer Stats
Player Goals % Correct
Raúl Jiménez 19
71%
Clint Dempsey 50
68%
Aleksandar Mitrović 28
66%
Louis Saha 26
53%
Dimitar Berbatov 19
45%
Collins John 20
42%
Bobby Zamora 20
37%
Brian McBride 32
34%
Luís Boa Morte 26
32%
Steed Malbranque 32
32%
No matching quizzes found
Score Distribution
Percent of People with Each Score
Percentile by Number Answered
Your Score History
You have not taken this quiz since the last reset